Visualizzazione normale
Vista MARC
- Finanzas
di Topical Term
Records bibliografici associati: 2
001 - CONTROL NUMBER
- control field: 53787
003 - CONTROL NUMBER IDENTIFIER
- control field: IT-RoINE
005 - DATE AND TIME OF LATEST TRANSACTION
- control field: 20181025120822.0
008 - FIXED-LENGTH DATA ELEMENTS
- fixed length control field: 181025|| aca||aabn | a|a d
040 ## - CATALOGING SOURCE
- Original cataloging agency: IT-RoINE
- Transcribing agency: IT-RoINE
150 ## - HEADING--TOPICAL TERM
- Topical term or geographic name as entry element: Finanzas
- Geographic subdivision: Vaticano
670 ## - SOURCE DATA FOUND
- Source citation: Work cat.: (IT-RoINE)0: Grilli, Giovanni, n. 1903 53786, La finanza vaticana in Italia / , 1961.